Name 500 Kpop Idols - Statistics

General Stats
  • This quiz has been taken 122 times
  • The average score is 229 of 500
Answer Stats
Idol Group % Correct
JO &TEAM
89%
RM BTS
89%
Felix Stray Kids
80%
J STAYC
80%
Jun SEVENTEEN
80%
Seungmin Stray Kids
80%
Irene Red Velvet
78%
Jiwoo NMIXX
78%
MANON KATSEYE
78%
A-NA Hearts2Hearts
76%
HYUN XLOV
76%
J-Hope BTS
76%
Jimin BTS
76%
Jisoo BLACKPINK
76%
Kai EXO
76%
Ningning aespa
76%
Suga BTS
76%
YE-ON Hearts2Hearts
76%
D.O EXO
73%
HARU XLOV
73%
I.N Stray Kids
73%
Jihyo TWICE
73%
JIWOO Hearts2Hearts
73%
Mina TWICE
73%
Niki ENHYPEN
73%
TARZZAN ALLDAY PROJECT
73%
Yuna ITZY
73%
Beomgyu TXT
71%
G-Dragon BIGBANG
71%
Huening Kai TXT
71%
IROHA ILLIT
71%
JANG WONYOUNG IZ*ONE*
71%
Jungwon ENHYPEN
71%
Lia ITZY
71%
V BTS
71%
Vernon SEVENTEEN
71%
Chenle NCT
69%
Dino SEVENTEEN
69%
DK IKON
69%
Hyunjin Stray Kids
69%
K &TEAM
69%
Keeho P1Harmony
69%
Lily NMIXX
69%
Mark GOT7
69%
MINJU ILLIT
69%
MOKA ILLIT
69%
Seonghwa ATEEZ
69%
Soyeon i-dle
69%
SUNGHO BOYNEXTDOOR
69%
Sunoo ENHYPEN
69%
Winter aespa
69%
AHN YUJIN IZ*ONE*
67%
ANTON RIIZE
67%
CARMEN Hearts2Hearts
67%
DK SEVENTEEN
67%
Giselle aespa
67%
Intak P1Harmony
67%
Jungkook BTS
67%
Mingi ATEEZ
67%
Nayeon TWICE
67%
Ryujin ITZY
67%
Sakura LE SSERAFIM
67%
SHOTARO RIIZE
67%
Wendy Red Velvet
67%
Wheein MAMAMOO
67%
Woozi SEVENTEEN
67%
Yeji ITZY
67%
Chaeyoung Fromis_9
64%
Jackson GOT7
64%
JAMES CORTIS
64%
Mingyu SEVENTEEN
64%
Minnie i-dle
64%
NATTY KISS OF LIFE
64%
PHARITA BABYMONSTER
64%
RORA BABYMONSTER
64%
Rose BLACKPINK
64%
Seungkwan SEVENTEEN
64%
Taehyun TXT
64%
Woojin Wanna One*
64%
Bambam GOT7
62%
Bang Chan Stray Kids
62%
Chaeyoung TWICE
62%
Jake ENHYPEN
62%
Jungwoo NCT
62%
Mark (Ex) NCT
62%
Minho SHINee
62%
RYUL LNGSHOT
62%
S.Coups SEVENTEEN
62%
Seongwoo Wanna One*
62%
Shuhua i-dle
62%
Siwon Super Junior
62%
STELLA Hearts2Hearts
62%
The8 SEVENTEEN
62%
Tzuyu TWICE
62%
Yujin IVE
62%
ANNA MEOVV
60%
Chanyeol EXO
60%
Haerin NewJeans
60%
Heeseung (Ex) ENHYPEN
60%
Huh Yunjin LE SSERAFIM
60%
Hwasa MAMAMOO
60%
Hyein NewJeans
60%
Jay IKON
60%
JiU Dreamcatcher
60%
KIM MINJU IZ*ONE*
60%
Lay EXO
60%
Leeseo IVE
60%
Ricky (Ex) ZEROBASEONE
60%
Sehun EXO
60%
Taemin SHINee
60%
Taeyong NCT
60%
T.O.P (Ex) BIGBANG
60%
Tsuki Billlie
60%
ASA BABYMONSTER
58%
BAILEY SOK ALLDAY PROJECT
58%
Dami (Ex) Dreamcatcher
58%
Doyoung TREASURE
58%
Elisia UNIS
58%
Gaeul IVE
58%
Haechan NCT
58%
Haewon NMIXX
58%
Jaehyun NCT
58%
Jaemin NCT
58%
Jeonghan SEVENTEEN
58%
Jinsoul LOONA*
58%
Jisun (Ex) Fromis_9
58%
Jisung NCT
58%
Kazuha LE SSERAFIM
58%
Key SHINee
58%
Kun NCT
58%
Liz IVE
58%
Miyeon i-dle
58%
Moonbin ASTRO
58%
Onew SHINee
58%
Rei IVE
58%
RYU SARANG izna
58%
San ATEEZ
58%
Seeun STAYC
58%
SEONGHYEON CORTIS
58%
SOOIN MEOVV
58%
DANIELA KATSEYE
56%
EJ &TEAM
56%
Eunji Apink
56%
Gowon LOONA*
56%
Han Stray Kids
56%
HARVEY XG
56%
Hoshi SEVENTEEN
56%
Jeno NCT
56%
Jiwoong ZEROBASEONE
56%
Kim Chaewon LE SSERAFIM
56%
Kyuhyun Super Junior
56%
MAKI &TEAM
56%
NICHOLAS &TEAM
56%
Seowon UNIS
56%
Suho EXO
56%
Yushi NCT
56%
BELLE KISS OF LIFE
53%
Chan IKON
53%
Changbin Stray Kids
53%
CHIQUITA BABYMONSTER
53%
Danielle (Ex) NewJeans
53%
Donghae Super Junior
53%
HANEUL KISS OF LIFE
53%
Hendery NCT
53%
Hikaru Kep1er
53%
Jihoon Wanna One*
53%
Jongseob P1Harmony
53%
KIM SOHYE I.O.I*
53%
Kotoko UNIS
53%
SoHyun tripleS
53%
Soul P1Harmony
53%
WUMUTI XLOV
53%
Yeonjun TXT
53%
YOUNGJAE TWS
53%
YU YEONJUNG I.O.I*
53%
Bahiyyih Kep1er
51%
CHOI YENA IZ*ONE*
51%
CL 2NE1*
51%
Daniel Wanna One*
51%
EMMA BADVILLAIN
51%
Gyuvin (Ex) ZEROBASEONE
51%
JIEUN YOUNG POSSE
51%
JiWoo tripleS
51%
JUUN Hearts2Hearts
51%
LOUIS LNGSHOT
51%
Moonbyul MAMAMOO
51%
OHYUL LNGSHOT
51%
RIWOO BOYNEXTDOOR
51%
RUKA BABYMONSTER
51%
Solar MAMAMOO
51%
SUI KiiiKiii
51%
Taeyang BIGBANG
51%
Vivi LOONA*
51%
Wonwoo SEVENTEEN
51%
Xiumin EXO
51%
Yoohyeon Dreamcatcher
51%
YOUNGSEO ALLDAY PROJECT
51%
Yugyeom GOT7
51%
YUHA Hearts2Hearts
51%
Yunho ATEEZ
51%
Chanelle Moon FIFTY FIFTY
49%
Choerry LOONA*
49%
ELLA MEOVV
49%
FUMA &TEAM
49%
Hyunjin LOONA*
49%
Jinyoung GOT7
49%
Jonghyun SHINee
49%
JULIE KISS OF LIFE
49%
KIM DOYEON I.O.I*
49%
LEEHAN BOYNEXTDOOR
49%
Lynn tripleS
49%
Moon Sua Billlie
49%
Riku NCT
49%
Seungmo AMPERS&ONE
49%
SOPHIA KATSEYE
49%
Won Hwayeon ifeye
49%
WOOJIN LNGSHOT
49%
Yesung Super Junior
49%
Yoona UNIS
49%
BAE NMIXX
47%
Bobby IKON
47%
ChaeYeon tripleS
47%
Chen EXO
47%
EUNSEOK RIIZE
47%
Gunwook ZEROBASEONE
47%
Haseul LOONA*
47%
Hayoung Apink | Fromis_9
47%
Hongjoong ATEEZ
47%
HyeRin tripleS
47%
JayB GOT7
47%
JIANA YOUNG POSSE
47%
Jin BTS
47%
Jinyoung Wanna One*
47%
Jiung P1Harmony
47%
JIYU KiiiKiii
47%
KANG HYEWON IZ*ONE*
47%
Kasia ifeye
47%
Krystal f(x)
47%
LEE CHAEYEON IZ*ONE*
47%
Lee Know Stray Kids
47%
MIYAWAKI SAKURA IZ*ONE*
47%
MJ ASTRO
47%
SHINYU TWS
47%
Sio (Ex) FIFTY FIFTY
47%
Sullyoon NMIXX
47%
Sunghoon ENHYPEN
47%
Sungwoon Wanna One*
47%
Taerae ZEROBASEONE
47%
Wooyoung ATEEZ
47%
Zhang Hao (Ex) ZEROBASEONE
47%
Chaeryeong ITZY
44%
CHUNG SANGHYEON ALPHA DRIVE ONE
44%
Daesung BIGBANG
44%
Dahyun TWICE
44%
Haram Billlie
44%
HINATA XG
44%
Jennie BLACKPINK
44%
Jeongyeon TWICE
44%
Jiho AMPERS&ONE
44%
Jiwon Fromis_9
44%
Joshua SEVENTEEN
44%
Joy Red Velvet
44%
KIM JUNSEO ALPHA DRIVE ONE
44%
KOKO izna
44%
Kotone tripleS
44%
LEE SUHYUN AKMU
44%
Lisa BLACKPINK
44%
MARTIN CORTIS
44%
Minji NewJeans
44%
Seoyeon (Ex) Fromis_9
44%
Seulgi Red Velvet
44%
Sulli f(x)
44%
WONBIN RIIZE
44%
Xinyu tripleS
44%
Yechan 82Major
44%
Yeseo (Ex) Kep1er
44%
Yewon FIFTY FIFTY
44%
Yujin Kep1er
44%
Yuqi i-dle
44%
Doyoung NCT
42%
Heejin LOONA*
42%
Isa STAYC
42%
Jaehee NCT
42%
Jay ENHYPEN
42%
JEONG SAEBI izna
42%
Johnny NCT
42%
JURIN XG
42%
Karina aespa
42%
KEONHO CORTIS
42%
Kim Lip LOONA*
42%
Kino PENTAGON*
42%
LARA KATSEYE
42%
LEE LEO ALPHA DRIVE ONE
42%
Ryo NCT
42%
Sheon Billlie
42%
Song IKON
42%
Sumin xikers
42%
TAKI &TEAM
42%
Ten NCT
42%
WONHEE ILLIT
42%
Yeri Red Velvet
42%
YOONCHAE KATSEYE
42%
Yoon Jaehyuk TREASURE
42%
Youngjae GOT7
42%
Cha Eunwoo ASTRO
40%
Chuu LOONA*
40%
Gahyeon (Ex) Dreamcatcher
40%
Hanni NewJeans
40%
Heechul Super Junior
40%
HONDA HITOMI IZ*ONE*
40%
Hongseok PENTAGON*
40%
JEON SOMI I.O.I*
40%
Jinsik xikers
40%
Jongho ATEEZ
40%
Matthew ZEROBASEONE
40%
MEGAN KATSEYE
40%
Minjae xikers
40%
RUI XLOV
40%
Sanha ASTRO
40%
Seeun xikers
40%
Siyeon Dreamcatcher
40%
Sullin tripleS
40%
Sumin STAYC
40%
Taerin ifeye
40%
WOONHAK BOYNEXTDOOR
40%
YABUKI NAKO IZ*ONE*
40%
Yoshi TREASURE
40%
Yujin (Ex) ZEROBASEONE
40%
Yves LOONA*
40%
AHYEON BABYMONSTER
38%
Asahi TREASURE
38%
ChaeWon tripleS
38%
CHISA XG
38%
E-Dawn (Ex) PENTAGON*
38%
HU'E BADVILLAIN
38%
Hunter xikers
38%
JO YURI IZ*ONE*
38%
JUNE IKON
38%
Junmin xikers
38%
KANG MINA I.O.I*
38%
KIM CHAEWON IZ*ONE*
38%
Kyrell AMPERS&ONE
38%
Mayu tripleS
38%
Minhyun Wanna One*
38%
Momo TWICE
38%
Sana TWICE
38%
Seongbin 82Major
38%
Siyoon Billlie
38%
Soobin TXT
38%
Winwin NCT
38%
Yeo One PENTAGON*
38%
Yeosang ATEEZ
38%
Yujun xikers
38%
BOM 2NE1*
36%
Daehwi Wanna One*
36%
DaHyun tripleS
36%
DARA 2NE1*
36%
DOHOON TWS
36%
GAWON MEOVV
36%
Gehlee UNIS
36%
Haruna Billlie
36%
Hong Eunchae LE SSERAFIM
36%
JAEHYUN BOYNEXTDOOR
36%
Keena FIFTY FIFTY
36%
LEE CHANHYUK AKMU
36%
MAYA XG
36%
Olivia Hye LOONA*
36%
RAMI BABYMONSTER
36%
Saena (Ex) FIFTY FIFTY
36%
Sakuya NCT
36%
Shindong Super Junior
36%
Sieun STAYC
36%
SuA Dreamcatcher
36%
VIN BADVILLAIN
36%
Wonyoung IVE
36%
Xiaoting Kep1er
36%
Yechan xikers
36%
Youngeun (Ex) Kep1er
36%
YUNAH ILLIT
36%
Amber f(x)
33%
ANNIE ALLDAY PROJECT
33%
Chaehyun Kep1er
33%
Dayeon Kep1er
33%
Eunhyuk Super Junior
33%
HE XINLONG ALPHA DRIVE ONE
33%
KELLY BADVILLAIN
33%
Kyujin NMIXX
33%
LEE SANGWON ALPHA DRIVE ONE
33%
Leeteuk Super Junior
33%
SeoYeon tripleS
33%
Theo P1Harmony
33%
Xiaojun NCT
33%
Yoon STAYC
33%
YUNSEO BADVILLAIN
33%
Yuto PENTAGON*
33%
BANG JEEMIN izna
31%
COCONA XG
31%
Hanbin ZEROBASEONE
31%
Jihoon TREASURE
31%
Jisung Wanna One*
31%
JUHOON CORTIS
31%
JURIA XG
31%
Mashiro (Ex) Kep1er
31%
NARIN MEOVV
31%
Renjun NCT
31%
SOHEE RIIZE
31%
SooMin tripleS
31%
SUNGCHAN RIIZE
31%
TAESAN BOYNEXTDOOR
31%
WOOCHAN ALLDAY PROJECT
31%
Yangyang NCT
31%
Handong (Ex) Dreamcatcher
29%
HANJIN TWS
29%
Haruto TREASURE
29%
HAUM KiiiKiii
29%
INA BADVILLAIN
29%
KWON EUNBI IZ*ONE*
29%
KYUNGMIN TWS
29%
Luna f(x)
29%
MINZY 2NE1*
29%
Sion NCT
29%
Sungmin Super Junior
29%
ARNO ALPHA DRIVE ONE
27%
Athena FIFTY FIFTY
27%
Baekhyun EXO
27%
Bang Yedam (Ex) TREASURE
27%
HARUA &TEAM
27%
Hui PENTAGON*
27%
IAN Hearts2Hearts
27%
JUNG CHAEYEON I.O.I*
27%
KIM SEJEONG I.O.I*
27%
KYA KiiiKiii
27%
Seongmo 82Major
27%
Yuta NCT
27%
CHLOE YOUNG BADVILLAIN
24%
Choi Hyunsuk TREASURE
24%
Dogyun 82Major
24%
Jiheon Fromis_9
24%
JiYeon tripleS
24%
Kamden AMPERS&ONE
24%
KIM CHUNGHA I.O.I*
24%
LIM NAYOUNG I.O.I*
24%
MAI izna
24%
Meu ifeye
24%
Nana UNIS
24%
Saerom (Ex) Fromis_9
24%
Seokjoon 82Major
24%
Victoria f(x)
24%
ZHOU ANXIN ALPHA DRIVE ONE
24%
Junkyu TREASURE
22%
LEESOL KiiiKiii
22%
NaKyoung tripleS
22%
Ryeowook Super Junior
22%
ShiOn tripleS
22%
SUNHYE YOUNG POSSE
22%
Yeojin LOONA*
22%
YEONJUNG YOUNG POSSE
22%
Brian AMPERS&ONE
20%
Chorong Apink
20%
Hana FIFTY FIFTY
20%
Hyeonju UNIS
20%
JIHOON TWS
20%
Jinjin ASTRO
20%
Junghoon xikers
20%
Kaede tripleS
20%
KIM GEONWOO ALPHA DRIVE ONE
20%
Kuanlin Wanna One*
20%
Mackiah AMPERS&ONE
20%
Nagyung Fromis_9
20%
Nien tripleS
20%
Suhyeon Billlie
20%
Wooseok PENTAGON*
20%
YUMA &TEAM
20%
Aran (Ex) FIFTY FIFTY
18%
CHOI JUNGEUN izna
18%
HaYeon tripleS
18%
Hyunwoo xikers
18%
Jaehwan Wanna One*
18%
Jinho PENTAGON*
18%
JooBin tripleS
18%
Namjoo Apink
18%
Yanan PENTAGON*
18%
YeonJi tripleS
18%
YooYeon tripleS
18%
YuBin tripleS
18%
Bomi Apink
16%
DOEUN YOUNG POSSE
16%
Park Jeongwoo TREASURE
16%
Sasha ifeye
16%
Shinwon PENTAGON*
16%
So Junghwan TREASURE
16%
ZHOU JIEQIONG (KYULKYUNG) I.O.I*
16%
Mashiho (Ex) TREASURE
13%
Rahee ifeye
13%
SeoAh tripleS
13%
Siyun AMPERS&ONE
13%
CHOI YOOJUNG I.O.I*
11%
Seongil 82Major
11%
Yunha UNIS
11%
No matching quizzes found
Score Distribution
Percent of People with Each Score
Percentile by Number Answered
Your Score History
You have not taken this quiz